Tilastot visalle Suomalaisia juhlapäiviä

Klikkaa tästä pelataksesi tätä visaa!

Yleistilastot

  • Tätä visaa on pelattu 118 kertaa
  • Keskiarvotulos 6 / 7

Vastaustilastot

VihjeJuhläpäivä% Oikein
Korvatunturilla asuva
ukko tuo lahjoja
Joulu
100%
Juhlitaan Suomen itsenäisyyttäItsenäisyyspäivä
99%
Jeesuksen ylösnousemusPääsiäinen
99%
Johannes kastajan syntymä-
päivä, yöttömän yön juhla
Juhannus
94%
Työväen juhlapäiväVappu
86%
Suomen kansallisrunoilijalle
omistettu päivä
Runeberginpäivä
80%
Kansainvälisesti merkittävän
yhdistyksen päivä. Yhdistys taistelee
muun muassa ihmisten oikeuksia vastaan.
Yhdistyneiden kansakuntien päivä
74%

Tulosjakauma

Persentiili vastausten määrän mukaan

Jokaisen tuloksen saaneiden osuus

Tuloshistoriasi

Et ole pelannut tätä visaa